Dějiny ruské moderny : pokus o rekonstrukci /

Hlavní autor: Zadražilová, Miluše, 1937-2012
Další autoři: Machoninová, Alena, 1980-
Jazyk: Čeština
Vydáno: Praha : Univerzita Karlova, nakladatelství Karolinum, 2022
Vydání: První vydání
Témata:
Fyzický popis: 974 stran ; 24 cm
Knihy
Uloženo v:
LEADER 02737nam a2200685 i 4500
001 nkc20223396294
003 CZ PrNK
005 20220524083728.0
007 ta
008 220215s2022 xr f 001 0 cze
015 |a cnb003396294 
020 |a 978-80-246-4615-2  |q (brožováno) 
035 |a (OCoLC)1315529814 
040 |a OLA001  |b cze  |e rda 
043 |a e-ru--- 
045 |a w-x- 
072 7 |a 821.161.1.09  |x Ruská literatura, rusky psaná (o ní)  |2 Konspekt  |9 11 
080 |a 821.161.1  |2 MRF 
080 |a 82.02"1880/1945"  |2 MRF 
080 |a 82.091  |2 MRF 
080 |a 82.02  |2 MRF 
080 |a 82.09  |2 MRF 
080 |a 82.07  |2 MRF 
080 |a (470+571)  |2 MRF 
080 |a (048.8)  |2 MRF 
100 1 |a Zadražilová, Miluše,  |d 1937-2012  |7 jk01151889  |4 aut 
245 1 0 |a Dějiny ruské moderny :  |b pokus o rekonstrukci /  |c Miluše Zadražilová ; Alena Machoninová (ed.) 
250 |a První vydání 
264 1 |a Praha :  |b Univerzita Karlova, nakladatelství Karolinum,  |c 2022 
300 |a 974 stran ;  |c 24 cm 
336 |a text  |b txt  |2 rdacontent 
337 |a bez média  |b n  |2 rdamedia 
338 |a svazek  |b nc  |2 rdacarrier 
504 |a Obsahuje bibliografii, bibliografické odkazy a rejstřík 
648 7 |a 19.-20. století  |7 ch757015  |2 czenas 
650 0 7 |a ruská literatura  |7 ph125327  |y 19.-20. století  |2 czenas 
650 0 7 |a modernismus (literatura)  |7 ph122935  |z Rusko  |2 czenas 
650 0 7 |a literární vlivy  |7 ph138746  |2 czenas 
650 0 7 |a literární inspirace  |7 ph381209  |2 czenas 
650 0 7 |a literární směry  |7 ph136571  |z Rusko  |y 19.-20. století  |2 czenas 
650 0 7 |a literárněvědné rozbory  |7 ph138745  |2 czenas 
650 0 7 |a interpretace a přijetí literárního díla  |7 ph137145  |2 czenas 
650 0 9 |a Russian literature  |y 19th-20th centuries  |2 eczenas 
650 0 9 |a modernism (literature)  |z Russia  |2 eczenas 
650 0 9 |a literary influences  |2 eczenas 
650 0 9 |a literary inspiration  |2 eczenas 
650 0 9 |a literary movements  |z Russia  |y 19th-20th centuries  |2 eczenas 
650 0 9 |a literary criticism and history  |2 eczenas 
650 0 9 |a interpretation and reception of literature  |2 eczenas 
655 7 |a monografie  |7 fd132842  |2 czenas 
655 9 |a monographs  |2 eczenas 
700 1 |a Machoninová, Alena,  |d 1980-  |7 xx0049081  |4 edt  |4 waw 
910 2 |a BOA001  |b 2-1484.323 
928 9 |a Karolinum 
990 |a BK 
995 |a 01 
991 |b 202204  |c NOV 
996 6 |b 2610898368  |c 2-1484.323  |l MZK  |r Sklad / do 1 hodiny  |n 0  |p p.v.  |w 001882679  |u 000010  |a 1  |e BOA001  |j MZK50  |s P 
996 7 |b 2610900523  |c 2-1484.323  |l MZK  |r Sklad / do 1 hodiny  |n 2  |p kup  |w 001882679  |u 000020  |a 1  |e BOA001  |j MZK50  |s A 
996 7 |b 2610901446  |c 2-1484.323  |l MZK  |r Sklad / do 1 hodiny  |n 2  |p kup  |w 001882679  |u 000030  |a 1  |e BOA001  |j MZK50  |s A